[Event "Poznan op 22nd"]
[Site "Poznan"]
[Date "2014.08.11"]
[Round "4"]
[White "Sklepinski, Artur"]
[Black "Sobczak, Miroslaw"]
[Result "0-1"]
[WhiteElo "1735"]
[BlackElo "1938"]
[PlyCount "74"]
[EventDate "2014.08.09"]
[EventType "swiss"]
[EventRounds "9"]
[EventCountry "POL"]
[SourceTitle "CBM 161 Extra"]
[Source "ChessBase"]
[SourceDate "2014.08.29"]
[SourceVersion "1"]
[SourceVersionDate "2014.08.29"]
[SourceQuality "1"]

1. d4 Nf6 2. Nf3 c5 3. d5 e6 4. Nc3 d6 5. e4 e5 6. h3 a6 7. a4 Be7 8. Be2 0-0 9. 0-0 Nbd7 10. Nh2 Rb8 11. Kh1 b5 12. axb5 axb5 13. Bxb5 Nxe4 14. Bxd7 Nxc3 15. bxc3 Bxd7 16. f4 f5 17. fxe5 dxe5 18. d6 Bf6 19. Qd5+ Kh8 20. Be3 Qe8 21. Rfb1 Rxb1+ 22. Rxb1 Bc6 23. Qa2 Qg6 24. Rg1 Ra8 25. Qc4 Ra1 26. Qe2 f4 27. Bxc5 Rxg1+ 28. Kxg1 e4 29. Qg4 Qxg4 30. Nxg4 Bxc3 31. Kf2 h5 32. Nh2 e3+ 33. Ke2 Bb5+ 34. Kf3 e2 35. d7 e1Q 36. d8Q+ Kh7 37. Qf8 Bc6+ 0-1

[Event "Poznan op 21st"]
[Site "Poznan"]
[Date "2013.08.13"]
[Round "8"]
[White "Kostecka, Marika"]
[Black "Sklepinski, Artur"]
[Result "0-1"]
[WhiteElo "1262"]
[BlackElo "1751"]
[PlyCount "78"]
[EventDate "2013.08.07"]
[EventType "swiss"]
[EventRounds "9"]
[EventCountry "POL"]
[SourceTitle "CBM 155 Extra"]
[Source "ChessBase"]
[SourceDate "2013.08.26"]
[SourceVersion "1"]
[SourceVersionDate "2013.08.26"]
[SourceQuality "1"]

1. e4 c5 2. Nf3 d6 3. d4 cxd4 4. Nxd4 Nf6 5. Nc3 g6 6. Be2 Bg7 7. f4 Nc6 8. Be3 0-0 9. 0-0 a6 10. Kh1 Bd7 11. a3 Rc8 12. Bd3 Ng4 13. Nxc6 Rxc6 14. Bd2 Bd4 15. Qe1 Re8 16. h3 Nf6 17. f5 Be5 18. Bf4 Bxf4 19. Rxf4 e6 20. fxg6 fxg6 21. Rf3 Rc8 22. e5 dxe5 23. Qxe5 Nh5 24. g4 Ng7 25. Raf1 Bc6 26. Be4 Qc7 27. Qf6 Qe7 28. Qf7+ Qxf7 29. Rxf7 Nf5 30. Bxc6 Rxc6 31. R7xf5 exf5 32. gxf5 Rf8 33. Nd5 Rxc2 34. f6 Kf7 35. Nb6 Rd8 36. Na4 Rdd2 37. Kg1 Rg2+ 38. Kh1 Rh2+ 39. Kg1 Rcg2# 0-1

[Event "Poznan op 21st"]
[Site "Poznan"]
[Date "2013.08.09"]
[Round "3"]
[White "Sklepinski, Artur"]
[Black "Zajecki, Maurycy"]
[Result "0-1"]
[WhiteElo "1751"]
[BlackElo "2015"]
[PlyCount "150"]
[EventDate "2013.08.07"]
[EventType "swiss"]
[EventRounds "9"]
[EventCountry "POL"]
[SourceTitle "CBM 155 Extra"]
[Source "ChessBase"]
[SourceDate "2013.08.26"]
[SourceVersion "1"]
[SourceVersionDate "2013.08.26"]
[SourceQuality "1"]

1. d4 d5 2. Nf3 Nf6 3. c4 e6 4. Nc3 Nbd7 5. Bf4 c6 6. e3 Qa5 7. Bd3 dxc4 8. Bxc4 Nb6 9. Bb3 Nbd5 10. Rc1 Bb4 11. Qd3 Nxf4 12. exf4 0-0 13. 0-0 Rd8 14. g3 Bd7 15. a3 Bf8 16. Ne5 Be8 17. Qe3 Qb6 18. Ne2 Rac8 19. Qf3 g6 20. Nc4 Qb5 21. Ba2 c5 22. dxc5 Bxc5 23. Nc3 Qa6 24. Ne5 Bd4 25. Bb1 Qb6 26. b4 Rc7 27. Ne2 Bb2 28. Nc4 Rxc4 29. Rxc4 Ba4 30. Nc3 Bb3 31. Rc5 Bxa3 32. Rb5 Qd4 33. Ne2 Qc4 34. Rxb7 Bb2 35. Qe3 Bd1 36. Re1 Ng4 37. Qc5 Bxe2 38. Qxc4 Bxc4 39. h3 Nf6 40. Rxa7 Rd2 41. Ba2 Bd3 42. Bb1 Be4 43. Ba2 Bd5 44. Bxd5 Nxd5 45. Ra8+ Kg7 46. b5 Bd4 47. Rf1 Nc3 48. Rb8 Rb2 49. Rd8 Bc5 50. Rc8 Ne4 51. Kg2 f5 52. g4 Bxf2 53. gxf5 gxf5 54. Rc7+ Kg6 55. Kf3 Bb6 56. Rcc1 Nd2+ 57. Ke2 Nxf1+ 58. Kxf1 Rxb5 59. Rc6 Kf6 60. Rc4 Rb2 61. Ke1 Be3 62. Rc7 Bxf4 63. Rxh7 Kg6 64. Re7 e5 65. h4 Rh2 66. Re6+ Kf7 67. Ra6 Rxh4 68. Ke2 Rh6 69. Ra7+ Kf6 70. Kd3 Kg5 71. Rg7+ Rg6 72. Re7 e4+ 73. Kc4 Bd6 74. Re8 Kf4 75. Kd5 Kf3 0-1

[Event "Polanica Zdroj op-B 48th"]
[Site "Polanica Zdroj"]
[Date "2012.08.25"]
[Round "8"]
[White "Wojcik, Wieslaw"]
[Black "Sklepinski, Artur"]
[Result "0-1"]
[WhiteElo "1911"]
[BlackElo "1809"]
[PlyCount "132"]
[EventDate "2012.08.18"]
[EventType "swiss"]
[EventRounds "9"]
[EventCountry "POL"]
[SourceTitle "EXT 2014"]
[Source "ChessBase"]
[SourceDate "2013.11.20"]
[SourceVersion "1"]
[SourceVersionDate "2013.11.20"]
[SourceQuality "1"]

1. d4 Nf6 2. Nf3 g6 3. g3 Bg7 4. Bg2 d6 5. 0-0 0-0 6. c4 Nc6 7. Nc3 Bf5 8. Nh4 Bd7 9. e3 Na5 10. Qd3 c5 11. d5 a6 12. a4 Rb8 13. Bd2 b5 14. axb5 axb5 15. cxb5 c4 16. Qc2 Nb3 17. Ra4 Nxd2 18. Qxd2 Bxb5 19. Nxb5 Rxb5 20. Rxc4 Qb6 21. b4 Rb8 22. Rb1 Nd7 23. Nf3 e6 24. dxe6 fxe6 25. Nd4 Ne5 26. Rbc1 Rxb4 27. Rxb4 Qxb4 28. Qxb4 Rxb4 29. Nxe6 Nd3 30. Nxg7 Nxc1 31. Ne8 Rb6 32. Bd5+ Kf8 33. Nf6 Kg7 34. Ne8+ Kh6 35. h4 g5 36. hxg5+ Kxg5 37. Kg2 h5 38. f4+ Kh6 39. e4 Nd3 40. Bc4 Nc5 41. e5 dxe5 42. fxe5 Kg6 43. Nf6 Rb2+ 44. Kh3 Kf5 45. Nxh5 Kxe5 46. g4 Rc2 47. Bf7 Ne4 48. Bg6 Rc3+ 49. Kh4 Nf2 50. Kg5 Rc6 51. Bf5 Rc7 52. Kg6 Nh3 53. Kh6 Rc6+ 54. Kh7 Ng5+ 55. Kg7 Nf3 56. Bb1 Nh2 57. Bf5 Rd6 58. Kf7 Rd4 59. Nf6 Kf4 60. Kg6 Rd6 61. Kf7 Nf3 62. Ke7 Ra6 63. Nd5+ Kg5 64. Ne3 Nd4 65. Bd7 Ra3 66. Kd6 Rxe3 0-1

[Event "Polanica Zdroj op-B 48th"]
[Site "Polanica Zdroj"]
[Date "2012.08.24"]
[Round "7"]
[White "Sklepinski, Artur"]
[Black "Powalka, Michal"]
[Result "0-1"]
[WhiteElo "1809"]
[BlackElo "1732"]
[PlyCount "90"]
[EventDate "2012.08.18"]
[EventType "swiss"]
[EventRounds "9"]
[EventCountry "POL"]
[SourceTitle "EXT 2014"]
[Source "ChessBase"]
[SourceDate "2013.11.20"]
[SourceVersion "1"]
[SourceVersionDate "2013.11.20"]
[SourceQuality "1"]

1. d4 Nf6 2. Nf3 g6 3. c4 Bg7 4. Nc3 0-0 5. e4 d6 6. Be2 e5 7. 0-0 Nc6 8. d5 Ne7 9. b4 Nd7 10. Be3 f5 11. Ng5 Nf6 12. Bf3 Kh8 13. Ne6 Bxe6 14. dxe6 f4 15. Bc1 Nc6 16. Nd5 Re8 17. Nxf6 Qxf6 18. Bg4 Nd4 19. Bb2 Nxe6 20. Qd5 Rab8 21. Rfd1 Ng5 22. h4 Nf7 23. g3 Nh6 24. Bh3 g5 25. hxg5 Qxg5 26. Rd3 Rf8 27. c5 Qh5 28. gxf4 Rxf4 29. cxd6 cxd6 30. Qxd6 Rbf8 31. Rg3 Rxf2 32. Rf1 Rxf1+ 33. Bxf1 Qf7 34. Bg2 Qf2+ 35. Kh2 Qxb2 36. Qc7 Nf7 37. Kh3 Qd2 38. Bf3 Qh6+ 39. Kg2 Qf6 40. Qxb7 Ng5 41. Qxa7 Nxf3 42. Qe3 Nd4 43. Kh3 Qf1+ 44. Kh4 Rf4+ 45. Kg5 Bf6+ 0-1

[Event "Polanica Zdroj op-B 48th"]
[Site "Polanica Zdroj"]
[Date "2012.08.22"]
[Round "5"]
[White "Sklepinski, Artur"]
[Black "Kedzierski, Slawomir"]
[Result "0-1"]
[WhiteElo "1809"]
[BlackElo "2101"]
[PlyCount "44"]
[EventDate "2012.08.18"]
[EventType "swiss"]
[EventRounds "9"]
[EventCountry "POL"]
[SourceTitle "EXT 2014"]
[Source "ChessBase"]
[SourceDate "2013.11.20"]
[SourceVersion "1"]
[SourceVersionDate "2013.11.20"]
[SourceQuality "1"]

1. d4 d5 2. Nf3 e6 3. c4 c6 4. e3 f5 5. Nc3 Nf6 6. Bd3 Bd6 7. 0-0 0-0 8. b3 Qe7 9. Qc2 Ne4 10. Bb2 Nd7 11. Rac1 b6 12. cxd5 exd5 13. Nxe4 fxe4 14. Qxc6 Nf6 15. Qxa8 Bg4 16. Qc6 exf3 17. e4 Bd7 18. Qc2 Bxh2+ 19. Kh1 Ng4 20. gxf3 Qh4 21. Rg1 Nxf2+ 22. Kg2 Bh3+ 0-1

[Event "Polanica Zdroj op-B 48th"]
[Site "Polanica Zdroj"]
[Date "2012.08.21"]
[Round "4"]
[White "Smolka, Marcin"]
[Black "Sklepinski, Artur"]
[Result "1/2-1/2"]
[WhiteElo "1991"]
[BlackElo "1809"]
[PlyCount "39"]
[EventDate "2012.08.18"]
[EventType "swiss"]
[EventRounds "9"]
[EventCountry "POL"]
[SourceTitle "EXT 2014"]
[Source "ChessBase"]
[SourceDate "2013.11.20"]
[SourceVersion "1"]
[SourceVersionDate "2013.11.20"]
[SourceQuality "1"]

1. e4 d5 2. exd5 Qxd5 3. Nc3 Qd6 4. d4 Nf6 5. Nf3 c6 6. g3 Bf5 7. Bg2 e6 8. 0-0 Qc7 9. Bf4 Bd6 10. Ne5 Nbd7 11. Re1 0-0 12. Qe2 h6 13. a3 Nb6 14. Rad1 Nfd5 15. Nxd5 cxd5 16. Rc1 Nc4 17. Nxc4 Bxf4 18. gxf4 dxc4 19. Qe5 Rac8 20. Re3 1/2-1/2

[Event "EU-ch rapid"]
[Site "Warsaw"]
[Date "2011.12.17"]
[Round "1"]
[White "Sklepinski, Artur"]
[Black "Lintchevski, Daniil"]
[Result "1/2-1/2"]
[WhiteElo "1770"]
[BlackElo "2575"]
[PlyCount "82"]
[EventDate "2011.12.17"]
[EventType "swiss (rapid)"]
[EventRounds "13"]
[EventCountry "POL"]
[SourceTitle "CBM 145 Extra"]
[Source "ChessBase"]
[SourceDate "2012.01.03"]
[SourceVersion "1"]
[SourceVersionDate "2012.01.03"]
[SourceQuality "1"]

1. d4 Nf6 2. Nf3 g6 3. c4 Bg7 4. Nc3 0-0 5. e4 d6 6. Be2 e5 7. 0-0 exd4 8. Nxd4 Re8 9. Bf3 Nbd7 10. Bf4 Ne5 11. Be2 Nc6 12. Nxc6 bxc6 13. Bf3 Nd7 14. Qd2 Rb8 15. Rab1 Ne5 16. Be2 Be6 17. b3 c5 18. Bg3 Nc6 19. Bd3 Nd4 20. Nb5 Qd7 21. Nxd4 Bxd4 22. Kh1 f5 23. f3 fxe4 24. Bxe4 Bf5 25. Bd5+ Kg7 26. Rbe1 c6 27. Be4 Bxe4 28. fxe4 Rf8 29. h3 Rbe8 30. Rxf8 Rxf8 31. e5 dxe5 32. Bxe5+ Kg8 33. Bg3 Qf5 34. Qe2 h5 35. Bd6 Rf7 36. Qe8+ Kg7 37. Be5+ Bxe5 38. Qxe5+ Qxe5 39. Rxe5 Rf5 40. Re7+ Rf7 41. Re5 Rf5 1/2-1/2

[Event "Poznan op 21th"]
[Site "Poznan"]
[Date "2011.08.12"]
[Round "7"]
[White "Przybylski, Wojciech"]
[Black "Sklepinski, Artur"]
[Result "1-0"]
[WhiteElo "2356"]
[BlackElo "1751"]
[PlyCount "77"]
[EventDate "2011.08.06"]
[EventType "swiss"]
[EventRounds "9"]
[EventCountry "POL"]
[SourceTitle "CBM 143 Extra"]
[Source "ChessBase"]
[SourceDate "2011.08.29"]
[SourceVersion "1"]
[SourceVersionDate "2011.08.29"]
[SourceQuality "1"]

1. Nf3 Nf6 2. d4 g6 3. c4 Bg7 4. Nc3 0-0 5. e4 d6 6. Be2 e5 7. 0-0 Nc6 8. d5 Ne7 9. b4 Nh5 10. Re1 f5 11. g3 Nf6 12. Ng5 fxe4 13. Ncxe4 Nf5 14. Bb2 Nxe4 15. Nxe4 Nd4 16. Bxd4 exd4 17. Bg4 Bf5 18. f4 h6 19. Nf2 Qd7 20. Re6 Rf6 21. Bxf5 gxf5 22. Qe2 Qa4 23. Rxf6 Bxf6 24. Qe6+ Kg7 25. Qxf5 Qxb4 26. Qd7+ Kf8 27. Qe6 Kg7 28. Re1 d3 29. Qg4+ Kf7 30. Qd7+ Kf8 31. Nxd3 Qxc4 32. Qf5 Qd4+ 33. Kg2 c6 34. Re6 Kg7 35. Ne5 Qxd5+ 36. Kh3 Bxe5 37. fxe5 dxe5 38. Re7+ Kg8 39. Qh7+ 1-0

[Event "Poznan op 21th"]
[Site "Poznan"]
[Date "2011.08.06"]
[Round "1"]
[White "Urban, Klaudiusz"]
[Black "Sklepinski, Artur"]
[Result "1-0"]
[WhiteElo "2456"]
[BlackElo "1751"]
[PlyCount "141"]
[EventDate "2011.08.06"]
[EventType "swiss"]
[EventRounds "9"]
[EventCountry "POL"]
[SourceTitle "CBM 143 Extra"]
[Source "ChessBase"]
[SourceDate "2011.08.29"]
[SourceVersion "1"]
[SourceVersionDate "2011.08.29"]
[SourceQuality "1"]

1. Nf3 Nf6 2. c4 g6 3. g3 Bg7 4. Bg2 0-0 5. d4 d6 6. Nc3 Nc6 7. 0-0 Bf5 8. d5 Na5 9. Nd4 Bd7 10. b3 c5 11. dxc6 Nxc6 12. Nc2 Qc8 13. Rb1 Bh3 14. Bb2 Bxg2 15. Kxg2 b6 16. Re1 Qb7 17. e4 a6 18. Nd5 Nd7 19. Nd4 Rfe8 20. Nxc6 Qxc6 21. Bxg7 Kxg7 22. Qd4+ Kg8 23. Red1 Rac8 24. f3 Qc5 25. Qd2 e6 26. Nb4 a5 27. Qxd6 axb4 28. Qxd7 Re7 29. Qd3 Ra7 30. Rb2 Rca8 31. Rdd2 Ra3 32. Rbc2 Qe5 33. Qe3 R3a6 34. Qe1 Kg7 35. f4 Qc7 36. Qe3 h5 37. Qd4+ Kh7 38. Kf3 R8a7 39. Qf6 Ra8 40. h3 R6a7 41. g4 Qc5 42. Qh4 Rb8 43. Qf2 Qc6 44. Qd4 Rc7 45. Qd6 Qc5 46. Qxc5 bxc5 47. Rd6 Ra7 48. Rcd2 Rba8 49. Rd7 hxg4+ 50. hxg4 Rxd7 51. Rxd7 Rxa2 52. Rxf7+ Kg8 53. Rf6 Rb2 54. Rxg6+ Kf7 55. f5 Rxb3+ 56. Kf4 exf5 57. gxf5 Rc3 58. Rb6 Rxc4 59. Ke5 Rd4 60. Rb7+ Kg8 61. Rb5 Rc4 62. f6 Rc1 63. Ke6 Re1 64. e5 Rc1 65. Ke7 Rf1 66. Rxc5 b3 67. Rb5 Rf3 68. Rb8+ Kh7 69. f7 b2 70. Rxb2 Kg7 71. Rg2+ 1-0

[Event "POL-chT3 2010/11"]
[Site "Wielkopolska"]
[Date "2011.04.15"]
[Round "11"]
[White "Sklepinski, Artur"]
[Black "Purzycki, Jan Dawid"]
[Result "0-1"]
[WhiteElo "1722"]
[BlackElo "2039"]
[PlyCount "68"]
[EventDate "2010.11.28"]
[EventType "team-tourn"]
[EventRounds "11"]
[EventCountry "POL"]
[SourceTitle "EXT 2019"]
[Source "ChessBase"]
[SourceDate "2018.10.10"]
[SourceVersion "1"]
[SourceVersionDate "2018.10.10"]
[SourceQuality "1"]
[WhiteTeam "Poznan Raszyn"]
[BlackTeam "Poznan Lech"]
[WhiteTeamCountry "POL"]
[BlackTeamCountry "POL"]

1. d4 Nf6 2. Nf3 b6 3. g3 Bb7 4. Bg2 e6 5. c4 Be7 6. Nc3 Ne4 7. Nxe4 Bxe4 8. 0-0 0-0 9. b3 d6 10. Bb2 Qc8 11. Qd2 Qb7 12. Rfd1 Nd7 13. Rac1 a5 14. a4 h6 15. Ne1 Bxg2 16. Nxg2 Rad8 17. Nf4 Bg5 18. h4 Bxf4 19. Qxf4 f5 20. Qe3 Rde8 21. Qc3 e5 22. dxe5 Rxe5 23. Rd5 Rf7 24. Rcd1 Rxe2 25. Rxf5 Rfe7 26. Rfd5 Nf6 27. Rf5 Ne4 28. Qf3 Rxf2 29. Qxf2 Nxf2 30. Rxf2 Re3 31. Rdf1 Rxg3+ 32. Kh2 Rg4 33. Rf8+ Kh7 34. R1f2 Qe4 0-1

[Event "POL-chT3 2010/11"]
[Site "Wielkopolska"]
[Date "2011.01.17"]
[Round "3"]
[White "Rozumek, Krzysztof"]
[Black "Sklepinski, Artur"]
[Result "0-1"]
[WhiteElo "1868"]
[BlackElo "1722"]
[PlyCount "72"]
[EventDate "2010.11.28"]
[EventType "team-tourn"]
[EventRounds "11"]
[EventCountry "POL"]
[SourceTitle "EXT 2019"]
[Source "ChessBase"]
[SourceDate "2018.10.10"]
[SourceVersion "1"]
[SourceVersionDate "2018.10.10"]
[SourceQuality "1"]
[WhiteTeam "Steszew Lipno"]
[BlackTeam "Poznan Raszyn"]
[WhiteTeamCountry "POL"]
[BlackTeamCountry "POL"]

1. h3 g6 2. c3 c5 3. d4 cxd4 4. cxd4 Nf6 5. Nc3 Bg7 6. Nf3 d6 7. e4 0-0 8. Bd3 a6 9. 0-0 Nc6 10. Be3 Bd7 11. a3 b5 12. b4 Ne8 13. Rc1 f5 14. Qb3+ e6 15. d5 exd5 16. Qxd5+ Kh8 17. Ne2 Ne7 18. Qb3 Ng8 19. Ng5 Qe7 20. exf5 gxf5 21. Nf3 Ngf6 22. Nfd4 Nh5 23. Nf3 f4 24. Bd4 Rg8 25. Kh2 Be6 26. Qb2 Bd5 27. Neg1 Bxd4 28. Qxd4+ Nef6 29. g4 fxg3+ 30. fxg3 Rxg3 31. Ne1 Rag8 32. Ngf3 Qg7 33. Rg1 Bxf3 34. Nxf3 Rg2+ 35. Kh1 Qd7 36. Rc7 Qxh3+ 0-1

[Event "Polanica Zdroj op-B 46th"]
[Site "Polanica Zdroj"]
[Date "2010.08.23"]
[Round "6"]
[White "Krasinski, Rafal"]
[Black "Sklepinski, Artur"]
[Result "1-0"]
[WhiteElo "1975"]
[BlackElo "1754"]
[PlyCount "60"]
[EventDate "2010.08.18"]
[EventType "swiss"]
[EventRounds "9"]
[EventCountry "POL"]
[SourceTitle "CBM 138 Extra"]
[Source "ChessBase"]
[SourceDate "2010.10.29"]
[SourceVersion "1"]
[SourceVersionDate "2010.10.29"]
[SourceQuality "1"]

1. Nf3 Nf6 2. c4 d6 3. g3 g6 4. Bg2 Bg7 5. Nc3 0-0 6. 0-0 Nc6 7. e4 Na5 8. Qe2 c5 9. d4 cxd4 10. Nxd4 Qc7 11. b3 a6 12. Qd2 Bd7 13. Bb2 Nc6 14. Rad1 Rab8 15. Nce2 Rfc8 16. h3 b5 17. cxb5 axb5 18. a3 Qb6 19. Kh2 Rc7 20. f4 Rbc8 21. Rc1 Nxd4 22. Bxd4 Qb8 23. e5 Ne8 24. Rxc7 Rxc7 25. Nc3 dxe5 26. fxe5 Be6 27. b4 Rc8 28. Qe3 Rd8 29. Rd1 Bc4 30. Ba7 Qc8 1-0

[Event "Gora Sw Anny op 3rd"]
[Site "Gora Sw Anny"]
[Date "2010.02.14"]
[Round "9"]
[White "Spojda, Robert"]
[Black "Sklepinski, Artur"]
[Result "0-1"]
[WhiteElo "1745"]
[BlackElo "1738"]
[PlyCount "70"]
[EventDate "2010.02.08"]
[EventType "swiss"]
[EventRounds "9"]
[EventCountry "POL"]
[SourceTitle "CBM 135 Extra"]
[Source "ChessBase"]
[SourceDate "2010.05.04"]
[SourceVersion "1"]
[SourceVersionDate "2010.05.04"]
[SourceQuality "1"]

1. e4 c5 2. Nf3 d6 3. d4 cxd4 4. Nxd4 Nf6 5. Nc3 a6 6. Be3 e5 7. Nb3 Be7 8. f3 Be6 9. Qd2 0-0 10. h4 d5 11. exd5 Nxd5 12. Nxd5 Qxd5 13. Bd3 Nc6 14. Rd1 Nb4 15. Qf2 Nxd3+ 16. Rxd3 Qb5 17. Qg3 f5 18. Bg5 Bb4+ 19. Kd1 Bc4 20. Kc1 Bxd3 21. f4 Bxc2 22. Kxc2 exf4 23. Bxf4 Qe2+ 24. Kb1 Rad8 25. Nc1 Qe4+ 26. Ka1 Bd2 27. Qb3+ Kh8 28. Bg5 Bxg5 29. hxg5 Qxg2 30. Re1 Qxg5 31. Rh1 Qg2 32. Re1 Qd2 33. Rh1 Rc8 34. Nd3 Rfd8 35. Qe6 Qxd3 0-1

[Event "Gora Sw Anny op 3rd"]
[Site "Gora Sw Anny"]
[Date "2010.02.12"]
[Round "7"]
[White "Chenska, Karolina"]
[Black "Sklepinski, Artur"]
[Result "0-1"]
[WhiteElo "1538"]
[BlackElo "1738"]
[PlyCount "66"]
[EventDate "2010.02.08"]
[EventType "swiss"]
[EventRounds "9"]
[EventCountry "POL"]
[SourceTitle "CBM 135 Extra"]
[Source "ChessBase"]
[SourceDate "2010.05.04"]
[SourceVersion "1"]
[SourceVersionDate "2010.05.04"]
[SourceQuality "1"]

1. e4 c5 2. Nf3 d6 3. d4 cxd4 4. Nxd4 Nf6 5. Nc3 a6 6. Bc4 e6 7. Bb3 Be7 8. 0-0 0-0 9. f4 Qc7 10. f5 e5 11. Nde2 h6 12. Ng3 Nbd7 13. Be3 b5 14. Nd5 Nxd5 15. Bxd5 Bb7 16. Nh5 Nf6 17. Nxf6+ Bxf6 18. c3 Bxd5 19. Qxd5 Rac8 20. Rf3 Rfd8 21. Rg3 Kf8 22. Qd3 Qc4 23. Bb6 Rd7 24. b3 Qc6 25. Bf2 d5 26. Rd1 Rcd8 27. Qe3 dxe4 28. Qc5+ Qxc5 29. Bxc5+ Be7 30. Rxd7 Bxc5+ 31. Kf1 Rxd7 32. Ke2 e3 33. b4 Bb6 0-1

[Event "Poznan Pocztowiec-ch op"]
[Site "Poznan"]
[Date "2008.10.18"]
[Round "8.9"]
[White "Przybylak, Lukasz"]
[Black "Sklepinski, Artur"]
[Result "1-0"]
[WhiteElo "1813"]
[BlackElo "1877"]
[PlyCount "95"]
[EventDate "2008.10.03"]
[EventType "swiss"]
[EventRounds "9"]
[EventCountry "POL"]
[SourceTitle "EXT 2023"]
[Source "ChessBase"]
[SourceDate "2022.10.05"]
[SourceVersion "1"]
[SourceVersionDate "2022.10.05"]
[SourceQuality "1"]

1. e4 c5 2. Nc3 d6 3. Nge2 Nf6 4. g3 g6 5. Bg2 Bg7 6. d3 0-0 7. f3 Nc6 8. Be3 b6 9. Qd2 Rb8 10. Bh6 b5 11. h4 e6 12. g4 b4 13. Nd1 a5 14. h5 gxh5 15. Qg5 Ne8 16. Qxh5 Qf6 17. g5 Qg6 18. Qh2 e5 19. f4 f5 20. exf5 Bxf5 21. Bxc6 Nc7 22. Ne3 d5 23. Bxd5+ Nxd5 24. Nxd5 Rfe8 25. Bxg7 Kxg7 26. Nf6 Re6 27. fxe5 Rd8 28. Nh5+ Kf7 29. Nhf4 Qxg5 30. Nxe6 Kxe6 31. Qh6+ Qxh6 32. Rxh6+ Kxe5 33. Rh5 Kf6 34. Ng3 Re8+ 35. Kd2 Bg6 36. Rf1+ Kg7 37. Rxc5 a4 38. Nf5+ Kg8 39. Rc7 b3 40. axb3 axb3 41. c3 Kh8 42. Nd6 Rd8 43. Nf7+ Bxf7 44. Rfxf7 Re8 45. Rxh7+ Kg8 46. Rce7 Rd8 47. Reg7+ Kf8 48. Rd7 1-0

[Event "Poznan Pocztowiec-ch op"]
[Site "Poznan"]
[Date "2008.10.12"]
[Round "6.4"]
[White "Musialkiewicz, Pawel"]
[Black "Sklepinski, Artur"]
[Result "1/2-1/2"]
[WhiteElo "1869"]
[BlackElo "1877"]
[PlyCount "75"]
[EventDate "2008.10.03"]
[EventType "swiss"]
[EventRounds "9"]
[EventCountry "POL"]
[SourceTitle "EXT 2023"]
[Source "ChessBase"]
[SourceDate "2022.10.05"]
[SourceVersion "1"]
[SourceVersionDate "2022.10.05"]
[SourceQuality "1"]

1. d4 Nf6 2. c4 g6 3. Nc3 Bg7 4. e4 d6 5. f3 0-0 6. Be3 Nc6 7. Nge2 a6 8. Qd2 Rb8 9. Nc1 e5 10. d5 Nd4 11. Nb3 Nxb3 12. axb3 Ne8 13. b4 f5 14. Bd3 f4 15. Bf2 g5 16. c5 g4 17. b5 gxf3 18. gxf3 axb5 19. Bxb5 Bh3 20. Bf1 Bxf1 21. Rxf1 dxc5 22. Bxc5 Rf6 23. Rg1 Ra8 24. Rxa8 Qxa8 25. Kf1 Qa6+ 26. Kg2 b6 27. Be7 Rg6+ 28. Kh1 Nd6 29. Bxd6 Rxd6 30. Qg2 Rg6 31. Qh3 Rxg1+ 32. Kxg1 Qa1+ 33. Kf2 Qxb2+ 34. Ne2 Qc2 35. Qe6+ Kf8 36. Qc8+ Kf7 37. Qe6+ Kf8 38. Qc8+ 1/2-1/2

[Event "Poznan Pocztowiec-ch op"]
[Site "Poznan"]
[Date "2008.10.05"]
[Round "3.2"]
[White "Musialkiewicz, Jan"]
[Black "Sklepinski, Artur"]
[Result "1-0"]
[WhiteElo "2117"]
[BlackElo "1877"]
[PlyCount "59"]
[EventDate "2008.10.03"]
[EventType "swiss"]
[EventRounds "9"]
[EventCountry "POL"]
[SourceTitle "EXT 2023"]
[Source "ChessBase"]
[SourceDate "2022.10.05"]
[SourceVersion "1"]
[SourceVersionDate "2022.10.05"]
[SourceQuality "1"]

1. e4 c5 2. Nf3 d6 3. d4 cxd4 4. Nxd4 Nf6 5. Nc3 a6 6. Bg5 e6 7. f4 Be7 8. Qf3 Nbd7 9. 0-0-0 Qc7 10. g4 0-0 11. Bxf6 Bxf6 12. g5 Bxd4 13. Rxd4 Nb8 14. Rd3 b5 15. Qh5 g6 16. Qh4 Bb7 17. Rh3 f5 18. gxf6 Rf7 19. Rg1 Kf8 20. Rxg6 Ke8 21. Qg4 Kd7 22. Rg7 Kc6 23. Rhxh7 Rxg7 24. fxg7 Nd7 25. Qxe6 Nc5 26. g8Q Nxe6 27. Rxc7+ Nxc7 28. Qg3 Kb6 29. f5 b4 30. Qxd6+ 1-0